000 006230000a22002050004500
003 LK-CoMWRAF
005 20231027125943.0
008 230817t2002 ||||| |||| 00| 0 eng d
020 _a9559150030
040 _aLK-CoMWRAF
_dLK-CoMWRAF
_eLK-CoMWRAF
041 _aeng
082 _a331.89
_bWE
245 _aWe Were Making History:
_bThe Hartal of 1953
260 _aColombo:
_bA Young Socialist Publication,
_c2002
300 _aviii, 523 p., [12] p. of plates : ill. ; 23 cm.
650 _aGENERAL STRIKE,SRI LANKA-Press coverage
700 _aMuthiah, Wesley S.
_eed.
700 _aWanasinghe, Sydney
_eed.
942 _cBK
999 _c445
_d445